Classifica Marcatori Bundesliga 2024-2025 - Statistics

Statistiche generali
  • Questo quiz è stato fatto 36 volte
  • Il punteggio medio è 7 su 12
Statistiche sulle risposte
Gol Nazione Squadra Calciatore % Corretto
26 Inghilterra Bayern Monaco Harry Kane
100%
21 Repubblica Ceca Bayer Leverkusen Patrick Schick
94%
21 Guinea Borussia Dortmund Serhou Guirassy
94%
15 Egitto Eintracht Francoforte Omar Marmoush
82%
13 Slovenia RB Lipsia Benjamin Šeško
76%
12 Germania Bayern Monaco Jamal Musiala
71%
12 Francia Bayern Monaco Michael Olise
68%
15 Francia Eintracht Francoforte Hugo Ekitike
47%
15 Bosnia ed Erzegovina Stoccarda Ermedin Demirović
32%
12 Germania Stoccarda Nick Woltemade
26%
18 Germania Magonza Jonathan Burkardt
21%
16 Germania Borussia Mönchengladbach Tim Kleindienst
15%
Nessun quiz corrispondente trovato
Distribuzione punteggi
Percentuale di utenti per punteggio
Percentile per numero di risposta
I tuoi punteggi nel tempo
Non hai fatto questo quiz